Proyeto de migraciones
Guardat en:
| Autor corporatiu: | |
|---|---|
| Format: | Text |
| Publicat: |
San José :
|
| Matèries: | |
| Etiquetes: |
Afegir etiqueta
Sense etiquetes, Sigues el primer a etiquetar aquest registre!
|
MARC
| LEADER | 00000 a a2200000 04500 | ||
|---|---|---|---|
| 001 | 15362 | ||
| 003 | |||
| 040 | |a CRAI/IIS |c CRAI/IIS | ||
| 090 | |a 023900 | ||
| 110 | |a UCR. Centro de Estudios sobre Población | ||
| 245 | |a Proyeto de migraciones | ||
| 260 | |a San José : | ||
| 300 | |a p. varia. | ||
| 650 | |a Migraciones | ||
| 999 | |c 16172 |d 16172 | ||
